| 000 | 01028nam a2200229 i 4500 | ||
|---|---|---|---|
| 001 | 153143 | ||
| 003 | ES-MaACL | ||
| 005 | 20250928112610.0 | ||
| 008 | 940721s1780 sp a |||| |dspa d | ||
| 100 | 0 |
_aClemente _bXIV _cPapa. _939210 |
|
| 245 | 1 | 0 |
_aCartas importantes del Papa Clemente XIV (Ganganeli) / _ccoleccion formada por el Marques Caracciolo ; traducidas de francés en castellano por D. Francisco Mariano Nipho ; tomo primero. |
| 250 | _aQuarta impresion. | ||
| 260 |
_aEn Madrid : _ben la imprenta de Miguel Escribano : _bse hallarán en la Libreria de Correa ..., _c1780. |
||
| 300 |
_aXXIV, 316 p., [1] h. de grab. ; _c8º. |
||
| 597 | _aAntep. | ||
| 599 | _aLa h. de grab. calc. : "Mansilla ft." | ||
| 600 | 0 | 4 |
_aClemente _bXIV _cPapa- _vCorrespondencia. _9167388 |
| 700 | 1 |
_aCaraccioli, Louis-Antoine de _c, marquis ( _d1719-1803) _9126323 |
|
| 700 | 1 |
_aNifo, Francisco Mariano, _d1719-1803 _9130493 |
|
| 852 |
_aES-MaACL _jR-579-83 _z- Enc. pasta _x- Olim: D-3908-12 |
||
| 999 |
_c153143 _d153143 |
||